|
|
|
|
| LEADER |
00000nam0a2200000 4500 |
| 001 |
13969 |
| 005 |
20231030185258.0 |
| 010 |
|
|
|a 0750617411
|
| 035 |
|
|
|a (RuTPU)RU\TPU\book\14057
|
| 035 |
|
|
|a BOOK00014126
|
| 090 |
|
|
|a 13969
|
| 100 |
|
|
|a 20011209d1998 m y0engy50 ba
|
| 101 |
0 |
|
|a eng
|
| 102 |
|
|
|a GB
|
| 105 |
|
|
|a y j 000zy
|
| 200 |
1 |
|
|a Electric Motors and Drives
|e Fundamentals, types and applications
|f A. Hughes
|
| 205 |
|
|
|a 2-nd ed.
|
| 210 |
|
|
|a Great Britain
|c Newnes
|d 1998
|
| 215 |
|
|
|a 339 p.
|
| 610 |
1 |
|
|a электрические двигатели
|
| 610 |
1 |
|
|a электроприводы
|
| 610 |
1 |
|
|a учебные пособия
|
| 610 |
1 |
|
|a английский язык
|
| 675 |
|
|
|a 621.313.13(07)
|v 3
|
| 700 |
|
1 |
|a Hughes
|b A.
|g Austin
|
| 801 |
|
0 |
|a RU
|b 63413507
|c 20011209
|g PSBO
|
| 801 |
|
2 |
|a RU
|b 63413507
|c 20110930
|g PSBO
|
| 942 |
|
|
|c BK
|